| 000 | 00897naa a22002777a 4500 | ||
|---|---|---|---|
| 001 | BR7904789 | ||
| 003 | BR-BrBNA | ||
| 005 | 20250716090234.0 | ||
| 007 | ta | ||
| 008 | 250630b bl.|||m| |||| 00| 0 por d | ||
| 040 |
_aBR-BrBNA _bpor _cBiblioteca Nacional de Agricultura |
||
| 041 | _a(Pt) | ||
| 072 |
_aF00 _b1126 _bG514 |
||
| 090 | _aF00 BR7904789 | ||
| 100 | 1 | _aVaz, R.L. | |
| 100 | 1 | _aOgata, T. | |
| 245 | 1 |
_aColecao, avaliacao e introducao de abacaxizeiros (Ananas comosus)em Goias [Pratica cultural; Brasil] _bProjeto fruticultura |
|
| 500 | _aRelatorio tecnico 1978 Goiania, GO (Brasil): 1979. p. 96-97 (BR7904789-AMS) | ||
| 650 | _aProducao vegetal | ||
| 650 | _aAbacaxi | ||
| 650 | _aPratica cultural | ||
| 650 | _aGoias | ||
| 490 | _aRelatorio Tecnico - Empresa Goiana de Pesquisa Agropecuaria (Brazil) | ||
| 942 |
_cAMS _2AGRIS |
||
| 909 |
_a202506 _bLúcia _c55 _dLúcia Elande |
||
| 999 |
_c333392 _d333392 |
||